|
|
|
|
| LEADER |
01049nam a2200289 a 4500 |
| 001 |
000029423 |
| 003 |
CZ BrMZK |
| 005 |
20250318080149.0 |
| 008 |
950707s1992 xo f f 0 slo d |
| 020 |
|
|
|a 80-85415-20-8
|
| 040 |
|
|
|a BOA001
|b cze
|
| 043 |
|
|
|a ec-----
|a ee-----
|
| 072 |
|
7 |
|a 338.3/.4
|x Hospodářská a výrobní odvětví
|2 Konspekt
|9 4
|
| 080 |
|
|
|a 338
|2 MRF
|
| 080 |
|
|
|a (4-191.2)+(4-11)
|2 MRF
|
| 080 |
|
|
|a (035)
|2 MRF
|
| 100 |
1 |
|
|a Gajdoš, Alfonz,
|d 1955-
|7 jo2014812678
|
| 245 |
1 |
0 |
|a Hospodárska charakteristika štátov strednej a východnej Európy
|
| 260 |
|
|
|a Banská Bystrica :
|b Metodické centrum,
|c 1992
|
| 300 |
|
|
|a 85 s.
|
| 651 |
|
7 |
|a Evropa střední a východní
|7 ge128476
|x hospodářské poměry
|2 czenas
|
| 651 |
|
9 |
|a Europe, Central and Eastern
|x economic conditions
|2 eczenas
|
| 655 |
|
7 |
|a příručky
|7 fd133209
|2 czenas
|
| 655 |
|
9 |
|a handbooks and manuals
|2 eczenas
|
| 910 |
|
|
|a BOA001
|b PK-0117.123
|
| 990 |
|
|
|a BK
|
| 996 |
7 |
|
|b 3119993216
|c PK-0117.123
|l MZK
|r Sklad / do 1 hodiny
|n 0
|w 000029423
|u 000010
|a 1
|e BOA001
|j MZK50
|s A
|